[Event "KAZ-ch"]
[Site "Astana"]
[Date "2023.12.18"]
[Round "7"]
[White "Sapenov, Daniyal"]
[Black "Suleymenov, Alisher"]
[Result "1/2-1/2"]
[WhiteElo "2350"]
[BlackElo "2513"]
[PlyCount "111"]
[EventDate "2023.12.13"]
[EventType "tourn"]
[EventRounds "13"]
[EventCountry "KAZ"]
[EventCategory "6"]
[SourceTitle "CB52_2023"]
[SourceDate "2023.12.27"]
[SourceVersion "1"]
[SourceVersionDate "2023.12.27"]
[SourceQuality "1"]

1. e4 c5 2. Nf3 d6 3. d4 cxd4 4. Nxd4 Nf6 5. Nc3 a6 6. f4 e5 7. Nb3 Be7 8. fxe5 dxe5 9. Qxd8+ Bxd8 10. Be3 Nbd7 11. Be2 Bb6 12. Bxb6 Nxb6 13. 0-0-0 Ke7 14. a4 Be6 15. Nc5 Rab8 16. a5 Nbd7 17. Nxe6 fxe6 18. Rd3 g5 19. Rhd1 h5 20. Re3 Rbc8 21. Na4 Rc7 22. b4 Rf8 23. h3 h4 24. Kb2 Ne8 25. Rf1 Rf4 26. Bd3 Nd6 27. Kb3 Rc8 28. Rfe1 Rcf8 29. c4 Nb8 30. b5 Rf2 31. R1e2 Rf1 32. Ra2 Rc1 33. Ree2 Rf4 34. Rac2 Rd1 35. Rcd2 Ra1 36. Ra2 Rd1 37. Rad2 Ra1 38. Ra2 Rg1 39. Nc5 g4 40. hxg4 Rxg4 41. Rad2 Rg3 42. Kb4 Rc1 43. Nb3 Rg1 44. Bc2 Rf1 45. Nc5 Ra1 46. Rxd6 Kxd6 47. Nxb7+ Ke7 48. Nc5 Rga3 49. Nb3 Ra4+ 50. Kc3 R1a3 51. Kb2 Ra2+ 52. Kc3 R2a3 53. Kb2 Ra2+ 54. Kc3 R2a3 55. Kb2 Ra2+ 56. Kc3 1/2-1/2

[Event "Qatar Masters op"]
[Site "Doha"]
[Date "2023.10.19"]
[Round "8"]
[White "Srihari, LR."]
[Black "Suleymenov, Alisher"]
[Result "1/2-1/2"]
[WhiteElo "2438"]
[BlackElo "2512"]
[PlyCount "107"]
[EventDate "2023.10.11"]
[EventType "swiss"]
[EventRounds "9"]
[EventCountry "QAT"]
[SourceTitle "Mega2024 Update 01"]
[Source "Chessbase"]
[SourceDate "2023.11.12"]
[SourceVersion "1"]
[SourceVersionDate "2023.11.12"]
[SourceQuality "1"]

1. d4 Nf6 2. c4 g6 3. g3 c6 4. Bg2 d5 5. Nf3 Bg7 6. 0-0 0-0 7. Ne5 dxc4 8. Nxc4 Be6 9. Ne5 Qc8 10. Nc3 Rd8 11. Qa4 Nbd7 12. Nf3 Nd5 13. Qa3 Nxc3 14. bxc3 Bc4 15. Re1 e5 16. e4 exd4 17. cxd4 c5 18. Bg5 Re8 19. Rac1 cxd4 20. Bh3 b5 21. Qd6 Ne5 22. Bxc8 Nxf3+ 23. Kg2 Nxe1+ 24. Rxe1 Raxc8 25. e5 h6 26. Be7 d3 27. Rd1 a5 28. Rd2 b4 29. f4 Bb5 30. Kh3 Bc4 31. Kg2 h5 32. Kf2 Be6 33. Ke3 Bf5 34. h3 Rc3 35. g4 hxg4 36. hxg4 Bxg4 37. Bf6 Bh6 38. Rh2 Bh5 39. Rxh5 gxh5 40. Qd7 Re6 41. Qd8+ Bf8 42. f5 d2+ 43. Kxd2 Rec6 44. Bg5 Rc2+ 45. Kd1 Rc8 46. Qd5 R8c5 47. Qd8 Rc8 48. Qd5 R2c5 49. Qd7 R5c7 50. Qd5 Rc5 51. Qd7 R8c7 52. Qd8 Rc8 53. Qd7 R5c7 54. Qd5 1/2-1/2

[Event "Qatar Masters op"]
[Site "Doha"]
[Date "2023.10.14"]
[Round "4"]
[White "Suleymenov, Alisher"]
[Black "Maghsoodloo, Parham"]
[Result "0-1"]
[WhiteElo "2512"]
[BlackElo "2707"]
[PlyCount "98"]
[EventDate "2023.10.11"]
[EventType "swiss"]
[EventRounds "9"]
[EventCountry "QAT"]
[SourceTitle "Mega2024 Update 01"]
[Source "Chessbase"]
[SourceDate "2023.11.12"]
[SourceVersion "1"]
[SourceVersionDate "2023.11.12"]
[SourceQuality "1"]

1. d4 Nf6 2. c4 e6 3. Nf3 d5 4. g3 Bb4+ 5. Nc3 dxc4 6. Bg2 Nd5 7. 0-0 Nc6 8. Bg5 f6 9. Bd2 0-0 10. Rc1 Nb6 11. Ne4 Be7 12. Bf4 Nb4 13. a3 N4d5 14. Bd2 Bd7 15. Nc5 Bxc5 16. dxc5 Na4 17. e4 Ne7 18. Qc2 Bb5 19. Be3 c3 20. bxc3 Qd3 21. Qa2 Qc4 22. Qa1 e5 23. Rb1 Bc6 24. Rb4 Qf7 25. Qd1 Nxc3 26. Qc2 a5 27. Rb2 Nxe4 28. Nxe5 fxe5 29. Bxe4 Nf5 30. Re1 Rad8 31. Bxc6 bxc6 32. Qa4 Rd3 33. Rbe2 h5 34. Qxc6 Nxe3 35. fxe3 Rxa3 36. Kg2 a4 37. Rd1 Rd3 38. Ra1 a3 39. Qe4 Rfd8 40. Kh3 Qe6+ 41. Kg2 Rd2 42. Qf3 h4 43. Rxd2 Rxd2+ 44. Kg1 e4 45. Qh5 a2 46. Rf1 h3 47. g4 Rg2+ 48. Kh1 Rb2 49. Qh4 Qf6 0-1

[Event "Qatar Masters op"]
[Site "Doha"]
[Date "2023.10.12"]
[Round "2"]
[White "Suleymenov, Alisher"]
[Black "Carlsen, Magnus"]
[Result "1-0"]
[WhiteElo "2512"]
[BlackElo "2839"]
[PlyCount "61"]
[EventDate "2023.10.11"]
[EventType "swiss"]
[EventRounds "9"]
[EventCountry "QAT"]
[SourceTitle "Mega2024 Update 01"]
[Source "Chessbase"]
[SourceDate "2023.11.12"]
[SourceVersion "1"]
[SourceVersionDate "2023.11.12"]
[SourceQuality "1"]

1. d4 Nf6 2. c4 e6 3. Nf3 b6 4. a3 Ba6 5. Qc2 Bb7 6. Nc3 c5 7. e4 cxd4 8. Nxd4 Bc5 9. Nf3 Nc6 10. b4 Be7 11. Bb2 Qb8 12. Rd1 0-0 13. Be2 d6 14. 0-0 Rc8 15. Rfe1 Bf8 16. Bf1 Ne7 17. Nb5 Ne8 18. Ng5 Ng6 19. e5 d5 20. Qb3 Be7 21. Nxf7 Kxf7 22. cxd5 Bxd5 23. Rxd5 exd5 24. Qxd5+ Kf8 25. Nd4 Nf4 26. Qf3 Kg8 27. Qxf4 Qb7 28. Nf5 b5 29. Bxb5 Bf8 30. Bc4+ Kh8 31. Nh6 1-0